| 000 | 00697cam a2200229Ka 4500 | ||
|---|---|---|---|
| 008 | |||
| 020 | _a9781842654712 (hbk.) | ||
| 049 | _aMAIN | ||
| 090 |
_aQA280 _bCOO |
||
| 100 | 1 | _aCooray, T. M. J. A. | |
| 245 | 1 | 0 |
_aApplied time series : _banalysis and forecasting / _cT.M.J.A. Cooray. |
| 260 |
_aOxford : _bAlpha Science International Ltd, _c2008. |
||
| 300 |
_axiv, 280 p. : _bill. ; _c25 cm. |
||
| 500 | _aIncludes index. | ||
| 504 | _aIncludes bibliographical references. | ||
| 650 | 0 | _aTime-series analysis. | |
| 907 |
_a.b10337167 _b12-11-13 _c08-11-13 |
||
| 003 | |||
| 005 | 20230123122037.0 | ||
| 040 | _cNUST | ||
| 942 |
_cBOOKS _kQA280 _mCOO |
||
| 999 |
_c126838 _d126838 |
||